Metal Forming : (Record no. 33761)
[ view plain ]
| 000 -LEADER | |
|---|---|
| fixed length control field | 00946cam a22003013u 4500 |
| 001 - CONTROL NUMBER | |
| control field | 11479186 |
| 003 - CONTROL NUMBER IDENTIFIER | |
| control field | OSt |
| 005 - DATE AND TIME OF LATEST TRANSACTION | |
| control field | 20211216104717.0 |
| 006 - FIXED-LENGTH DATA ELEMENTS--ADDITIONAL MATERIAL CHARACTERISTICS | |
| fixed length control field | m d |
| 007 - PHYSICAL DESCRIPTION FIXED FIELD--GENERAL INFORMATION | |
| fixed length control field | cr n |
| 008 - FIXED-LENGTH DATA ELEMENTS--GENERAL INFORMATION | |
| fixed length control field | 150701s2013 ||||||||s|||||||| ||||| d |
| 020 ## - INTERNATIONAL STANDARD BOOK NUMBER | |
| International Standard Book Number | 9781259007347 |
| 035 ## - SYSTEM CONTROL NUMBER | |
| System control number | (WaSeSS)ssib021835980 |
| 038 ## - RECORD CONTENT LICENSOR | |
| Staff Name | khadija |
| 040 ## - CATALOGING SOURCE | |
| Original cataloging agency | WaSeSS |
| Transcribing agency | WaSeSS |
| Modifying agency | WaSeSS |
| Description conventions | rda |
| 082 ## - DEWEY DECIMAL CLASSIFICATION NUMBER | |
| Classification number | 671 |
| Author Mark | DIX |
| 100 1# - MAIN ENTRY--PERSONAL NAME | |
| Personal name | Dixit, Uday S. |
| 9 (RLIN) | 86722 |
| 210 10 - ABBREVIATED TITLE | |
| Abbreviated title | Metal Forming : |
| 245 10 - TITLE STATEMENT | |
| Title | Metal Forming : |
| Remainder of title | Technology and Process Modelling / |
| Statement of responsibility, etc. | Uday S. Dixit. |
| 500 ## - GENERAL NOTE | |
| General note | Title from content provider. |
| 506 ## - RESTRICTIONS ON ACCESS NOTE | |
| Terms governing access | License restrictions may limit access. |
| 563 ## - BINDING INFORMATION | |
| Binding note | HB |
| 700 1# - ADDED ENTRY--PERSONAL NAME | |
| Personal name | Narayanan, R. Ganesh. |
| 9 (RLIN) | 86723 |
| 773 #0 - HOST ITEM ENTRY | |
| Title | AccessEngineering |
| 856 40 - ELECTRONIC LOCATION AND ACCESS | |
| Uniform Resource Identifier | <a href="http://www.columbia.edu/cgi-bin/cul/resolve?clio11479186">http://www.columbia.edu/cgi-bin/cul/resolve?clio11479186</a> |
| Public note | Full text available from AccessEngineering |
| 910 ## - USER-OPTION DATA (OCLC) | |
| User-option data | Serials Solutions supplemental brief record |
| 942 ## - ADDED ENTRY ELEMENTS (KOHA) | |
| Source of classification or shelving scheme | |
| Koha item type | Book |
| Withdrawn status | Lost status | Source of classification or shelving scheme | Damaged status | Not for loan | Permanent Location | Current Location | Shelving location | Date acquired | Full call number | Barcode | Date last seen | Price effective from | Koha item type |
|---|---|---|---|---|---|---|---|---|---|---|---|---|---|
| School of Mechanical & Manufacturing Engineering (SMME) | School of Mechanical & Manufacturing Engineering (SMME) | General Stacks | 05/13/2016 | 671 DIX | SMME-2973 | 04/05/2018 | 05/13/2016 | Book |
